000 00697nam a2200217Ii 4500
003 JO-AjNU
008 230605s9999||||xx |||||||||||||| ||und||
017 _a2006/8/2225
040 _aJO-AjNU
_bara
_erda
_cJO-AjNU
041 _aara
050 1 4 _aPJ3007 2006
100 3 _aتأليف رحال،محمود سالم,
_eauthor
_924559
245 0 0 _aالمشترك السامي في أماء ومعاني المدن والقرى الأردنية
250 _aط1
264 3 1 _aعمان: المؤلف ،2006
300 _a175ص
336 _atext
_btxt
_2rdacontent
337 _aunmediated
_bn
_2rdamedia
338 _avolume
_bnc
_2rdacarrier
650 4 _aالقواميس-الاردن
_924560
999 _aA9063
_c12631
_d12631